| 000 | 00404nam a2200121Ia 4500 | ||
|---|---|---|---|
| 008 | 220204s9999 xx 000 0 und d | ||
| 082 |
_a339 _bGOM |
||
| 100 | _aGomez Buendia, Hernando | ||
| 245 | 0 | _aLimits of the global village: Globalization, Nations and the state | |
| 260 |
_aFinland _bUNU World Institute for Development Economic Research _c1995 |
||
| 490 | _aWorld development studies 5 | ||
| 942 | _cBK | ||
| 999 |
_c41090 _d41090 |
||